| 000 | 01015cab a2200289 4500 | ||
|---|---|---|---|
| 001 | WB3141-23 | ||
| 008 | 090401t1995 xxu||||| |||| 00| 0 eng d | ||
| 035 | _a(Sirsi) u14937 | ||
| 041 | _aeng | ||
| 245 | _aProtest over noise from windfarm | ||
| 260 | _c1995 | ||
| 350 | _a0 | ||
| 490 |
_aWestern Mail _v30 October 1995, 5 |
||
| 520 | _aPeople living close to a windfarm in Wales say the low-level noise and vibration from the site has blighted the area, but the local council will not support their case as a consultants` report does not indicate that a noise nuisance exists. Council later refutes claim that it is stifling opposition to windfarm scheme. | ||
| 650 | _aCEREDIGION DC | ||
| 650 | _aLLANGWYRFON WINDFARM | ||
| 650 | _aNOISE NUISANCE | ||
| 650 | _aNOISE POLLUTION | ||
| 650 | _aNUISANCE | ||
| 650 | _aVIBRATION | ||
| 650 | _aWALES | ||
| 650 | _aWINDFARMS | ||
| 690 | _aENVIRONMENTAL AND LAND CONSULTANCY-ENERGY | ||
| 690 | _aRURAL PRACTICE | ||
| 942 | _n0 | ||
| 948 | _c04/03/1997 | ||
| 999 |
_c9750 _d9750 |
||